| 000 | 02088nam a2200457 i 4500 | ||
|---|---|---|---|
| 001 | ebr10759679 | ||
| 003 | CaPaEBR | ||
| 006 | m o d | ||
| 007 | cr cn||||||||| | ||
| 008 | 130322t20132013enk ob 001 0 eng|d | ||
| 020 | _z9781409457695 (hardback : alk. paper) | ||
| 020 | _a9781409457701 (e-book) | ||
| 040 |
_aCaPaEBR _beng _erda _epn _cCaPaEBR |
||
| 035 | _a(OCoLC)858763032 | ||
| 050 | 1 | 4 |
_aHV8738 _b.V378 2013eb |
| 082 | 0 | 4 |
_a365/.6 _223 |
| 100 | 1 | _aVan Gundy, Alana. | |
| 245 | 1 | 0 |
_aWomen, incarceration, and human rights violations : _bfeminist criminology and corrections / _cAlana Van Gundy and Amy Baumann-Grau. |
| 264 | 1 |
_aFarnham, Surrey : _bAshgate, _c[2013] |
|
| 264 | 4 | _c�2013 | |
| 300 | _a1 online resource (0 pages). | ||
| 336 |
_atext _2rdacontent |
||
| 337 |
_acomputer _2rdamedia |
||
| 338 |
_aonline resource _2rdacarrier |
||
| 440 | 0 | _aSolving social problems | |
| 504 | _aIncludes bibliographical references and index. | ||
| 505 | 0 | _aFeminist criminology, gender-specificity, and human rights -- Sexual abuse -- Medical abuse -- Pregnancy in corrections -- Family and relationships -- Discussion and policy recommendations. | |
| 588 | _aDescription based on print version record. | ||
| 590 | _aElectronic reproduction. Palo Alto, Calif. : ebrary, 2013. Available via World Wide Web. Access may be limited to ebrary affiliated libraries. | ||
| 650 | 0 |
_aWomen prisoners _xAbuse of. |
|
| 650 | 0 | _aFeminist criminology. | |
| 650 | 0 | _aWomen's rights. | |
| 650 | 0 |
_aWomen _xCrimes against. |
|
| 650 | 0 | _aHuman rights. | |
| 650 | 0 | _aPrison administration. | |
| 655 | 0 | _aElectronic books. | |
| 700 | 1 | _aBaumann-Grau, Amy. | |
| 776 | 0 | 8 |
_iPrint version: _aVan Gundy, Alana. _tWomen, incarceration, and human rights violations : feminist criminology and corrections. _dFarnham, Surrey : Ashgate, [2013] _h147 pages _kSolving social problems _z9781409457695 _w(DLC) 2013007767 |
| 797 | 2 | _aebrary. | |
| 856 | 4 | 0 |
_uhttp://site.ebrary.com/lib/rucke/Doc?id=10759679 _zAn electronic book accessible through the World Wide Web; click to view |
| 999 |
_c120427 _d120427 |
||